000 01315nam a2200433 a 4500
003 AR-BaBNM
005 20251128203951.0
008 082120s2002 ||||||||||||||000 | spa||
020 _a950-12-2079-6
040 _cAR-BaBNM
100 1 _aRamsey, Marjorie E.
245 0 0 _aEl jardín de infantes
_bprogramas y prácticas
260 _aBuenos Aires
_bPaidós
_c1989
300 _a404 p.
_bgráfs., il.
490 0 _aPaidós educador
_vv. 79
500 _aContiene referencias y lecturas recomendadas
500 _aLista de títulos de la colección
650 4 _aPROGRAMAS PREESCOLARES
650 4 _aRELACION PADRES-DOCENTE
650 4 _aNECESIDADES DEL NIÑO
650 4 _aJUEGOS EDUCATIVOS
650 4 _aSERVICIOS ESCOLARES DE SALUD
650 4 _aCUIDADO DEL NIÑO
650 4 _aINTEGRACION ESCOLAR
650 4 _aEDUCACION MUSICAL
650 4 _aEDUCACION ARTISTICA
650 4 _aDESARROLLO COGNOSCITIVO
650 4 _aDESARROLLO DE LA CREATIVIDAD
650 4 _aINICIACION EN LA LECTURA
653 _aEDUCACION INICIAL
653 _aJARDINES DE INFANTES
653 _aMODELOS EDUCATIVOS
653 _aCENTROS DE EDUCACION INICIAL
653 _aACTIVIDADES PRACTICAS
700 1 _aBayless, Kathleen M.
700 1 _aJusto, Luis N.
_etraductor
942 _cBK
998 _cMARTIN
999 _c5642
_d5642